00488nam a2200157 i 4500001000300000100002100003245005900024260001900083040000800102041000800110942000700118008004100125999001700166856009800183952004900281bg1 aMATCHANOW, P. W. 0aOsnowy analiza elektriceskich cepej /cP.W. Matchanow. aMoskwa,c1972. cBPK apol cKS s pl f |000 0 pol  c14969d14969 uhttp://koha.tu.koszalin.pl/cgi-bin/koha/opac-detail.pl?biblionumber=14969yKatalog online BPK 00104070aBPKbBPKcwo15261p01727722yKS